Philosophy of science A-Z (Record no. 130784)
[ view plain ]
| 000 -LEADER | |
|---|---|
| fixed length control field | 01365cam a2200409 a 4500 |
| 001 - CONTROL NUMBER | |
| control field | 15675999 |
| 003 - CONTROL NUMBER IDENTIFIER | |
| control field | ARRUPE |
| 005 - DATE AND TIME OF LATEST TRANSACTION | |
| control field | 20211013115734.0 |
| 006 - FIXED-LENGTH DATA ELEMENTS--ADDITIONAL MATERIAL CHARACTERISTICS--GENERAL INFORMATION | |
| fixed length control field | m d |
| 007 - PHYSICAL DESCRIPTION FIXED FIELD--GENERAL INFORMATION | |
| fixed length control field | cr ||||||||||| |
| 008 - FIXED-LENGTH DATA ELEMENTS--GENERAL INFORMATION | |
| fixed length control field | 070418s2007 stk sbe 000 0 eng d |
| 010 ## - LIBRARY OF CONGRESS CONTROL NUMBER | |
| LC control number | 2009659184 |
| 020 ## - INTERNATIONAL STANDARD BOOK NUMBER | |
| International Standard Book Number | 9786610833962 |
| 020 ## - INTERNATIONAL STANDARD BOOK NUMBER | |
| Cancelled/invalid ISBN | 0748620338 (Paper) |
| 020 ## - INTERNATIONAL STANDARD BOOK NUMBER | |
| Cancelled/invalid ISBN | 0748622144 (Cloth) |
| 020 ## - INTERNATIONAL STANDARD BOOK NUMBER | |
| Cancelled/invalid ISBN | 0748629149 (electronic bk.) |
| 035 ## - SYSTEM CONTROL NUMBER | |
| System control number | (UK-RwCLS)cis6080361 |
| 037 ## - SOURCE OF ACQUISITION | |
| Stock number | 083396 |
| Source of stock number/acquisition | MIL |
| 040 ## - CATALOGING SOURCE | |
| Original cataloging agency | UK-RwCLS |
| Transcribing agency | UK-RwCLS |
| Modifying agency | DLC |
| 042 ## - AUTHENTICATION CODE | |
| Authentication code | lccopycat |
| 050 00 - LIBRARY OF CONGRESS CALL NUMBER | |
| Classification number | Q174.7 |
| 082 04 - DEWEY DECIMAL CLASSIFICATION NUMBER | |
| Classification number | 501 |
| Edition number | 22 |
| 300 ## - PHYSICAL DESCRIPTION | |
| Dimensions | 24cm. |
| 100 1# - MAIN ENTRY--PERSONAL NAME | |
| Personal name | Psillos, Stathis, |
| Dates associated with a name | 1965- |
| 9 (RLIN) | 2898 |
| 245 10 - TITLE STATEMENT | |
| Title | Philosophy of science A-Z |
| Medium | [electronic resource] / |
| Statement of responsibility, etc | Stathis Psillos. |
| 246 3# - VARYING FORM OF TITLE | |
| Title proper/short title | Philosophy of science A to Z |
| 260 ## - PUBLICATION, DISTRIBUTION, ETC. (IMPRINT) | |
| Place of publication, distribution, etc | Edinburgh : |
| Name of publisher, distributor, etc | Edinburgh University Press, |
| Date of publication, distribution, etc | c2007. |
| 300 ## - PHYSICAL DESCRIPTION | |
| Extent | xi, 280 p. |
| 440 #0 - SERIES STATEMENT/ADDED ENTRY--TITLE | |
| Title | Philosophy A-Z series |
| 9 (RLIN) | 43878 |
| 500 ## - GENERAL NOTE | |
| General note | Title from e-book title screen (viewed October 15, 2007). |
| 504 ## - BIBLIOGRAPHY, ETC. NOTE | |
| Bibliography, etc | Includes bibliography (p. [266]-280). |
| 530 ## - ADDITIONAL PHYSICAL FORM AVAILABLE NOTE | |
| Additional physical form available note | Also available in print. |
| 650 #0 - SUBJECT ADDED ENTRY--TOPICAL TERM | |
| Topical term or geographic name as entry element | Science |
| General subdivision | Philosophy |
| Form subdivision | Encyclopedias. |
| 9 (RLIN) | 50415 |
| 650 #0 - SUBJECT ADDED ENTRY--TOPICAL TERM | |
| Topical term or geographic name as entry element | Science |
| General subdivision | Philosophy |
| -- | Terminology. |
| 9 (RLIN) | 50416 |
| 856 40 - ELECTRONIC LOCATION AND ACCESS | |
| Public note | Connect to MyiLibrary resource |
| Uniform Resource Identifier | <a href="http://www.myilibrary.com?id=83396">http://www.myilibrary.com?id=83396</a> |
| 906 ## - LOCAL DATA ELEMENT F, LDF (RLIN) | |
| a | 7 |
| b | cbc |
| c | copycat |
| d | u |
| e | ncip |
| f | 20 |
| g | y-gencatlg |
| 942 ## - ADDED ENTRY ELEMENTS (KOHA) | |
| Source of classification or shelving scheme | Library of Congress Classification |
| Koha item type | Monograph ( Printed materials) |
| Withdrawn status | Lost status | Source of classification or shelving scheme | Damaged status | Not for loan | Collection code | Home library | Current library | Shelving location | Date acquired | Total Checkouts | Full call number | Barcode | Date last seen | Price effective from | Koha item type |
|---|---|---|---|---|---|---|---|---|---|---|---|---|---|---|---|
| Library of Congress Classification | Main Collection | ARRUPE LIBRARY | ARRUPE LIBRARY | Main Collection | 13/10/2021 | Q174.7 | 46600007449 | 13/10/2021 | 13/10/2021 | Monograph ( Printed materials) |